| 000 | 00629nam a22002177a 4500 | ||
|---|---|---|---|
| 005 | 20170124110214.0 | ||
| 010 | _a085578 | ||
| 020 | _c00.00 | ||
| 035 | _a085578 | ||
| 037 | _bCen Lib/Ret | ||
| 040 |
_aDPL _bEN |
||
| 082 |
_a940.3 _bDIC |
||
| 245 |
_aDictionary of european history / _ccompiled by William S. Roeder |
||
| 260 |
_aNew York _bPhilosophical Library _c1954 |
||
| 270 |
_aNew York _bNew York |
||
| 300 |
_avii, 316p. _c22cm(Hb) |
||
| 650 |
_aEurope _vDictionary _938724 |
||
| 650 |
_aHistory - Dictionary _9105382 |
||
| 700 |
_aRoeder, William S. _9105383 |
||
| 942 |
_2ddc _cEN _h940.3 _mROE |
||
| 999 |
_c133716 _d133716 |
||